| 000 | 00000nam 2200000zi 4500 |
| 001 | 9.889558 |
| 003 | CaOODSP |
| 005 | 20221107172325 |
| 006 | m o d f |
| 007 | cr ||||||||||| |
| 008 | 200720t20202020quc o f000 0 fre d |
| 020 | |a9780660356013 |
| 040 | |aCaOODSP|bfre|erda|cCaOODSP |
| 043 | |an------ |
| 086 | 1 |aCW66-613/2020F-PDF |
| 245 | 03|aLe relevé des oiseaux nicheurs de l’Amérique du Nord - un nouveau chapitre. |
| 264 | 1|a[Gatineau, QC] : |bEnvironnement et Changement climatique Canada = Environment and Climate Change Canada, |c2020. |
| 264 | 4|c©2020 |
| 300 | |a1 ressource en ligne (2 pages) |
| 336 | |atexte|btxt|2rdacontent/fre |
| 337 | |ainformatique|bc|2rdamedia/fre |
| 338 | |aressource en ligne|bcr|2rdacarrier/fre |
| 500 | |aPublié aussi en anglais sous le titre : A new chapter for the North American breeding bird survey. |
| 500 | |aPublié aussi en format HTML. |
| 500 | |aTitre de départ. |
| 504 | |aComprend des références bibliographiques. |
| 610 | 26|aRelevé des oiseaux nicheurs de l'Amérique du Nord. |
| 650 | 6|aOiseaux|xInventaires|zAmérique du Nord. |
| 650 | 6|aOiseaux|xPopulations|zAmérique du Nord. |
| 710 | 1 |aCanada. |bEnvironnement et changement climatique Canada, |eorganisme de publication. |
| 775 | 08|tA new chapter for the the North American breeding bird survey.|w(CaOODSP)9.889556 |
| 856 | 40|qPDF|s411 Ko|uhttps://publications.gc.ca/collections/collection_2021/eccc/cw66/CW66-613-2020-fra.pdf |